| Tag |
First Indicator |
Second Indicator |
Subfields |
| LEADER |
00000cam a2200000 4500 |
| 001 |
in00000040579 |
| 005 |
20151007074510.0 |
| 008 |
761118s1943 paua b 00010 eng |
| 010 |
|
|
|a 44001523
|
| 035 |
|
|
|a (OCoLC)02567564
|
| 035 |
|
|
|9 AAF1613AM
|
| 040 |
|
|
|a DLC
|c OHI
|d TXA
|d UtOrBLW
|
| 049 |
|
|
|a TXAM
|c [116998]
|
| 050 |
0 |
0 |
|a QC183
|b .C65 1943
|
| 082 |
0 |
|
|a 541.3452
|
| 092 |
|
|
|a 541.3452
|b C622t4
|
| 100 |
1 |
|
|a Clayton, William.
|
| 245 |
1 |
4 |
|a The theory of emulsions and their technical treatment /
|c by William Clayton...
|
| 250 |
|
|
|a 4th ed.
|b With 103 illustrations.
|
| 264 |
|
1 |
|a Philadelphia :
|b The Blakiston co.,
|c [1943]
|
| 300 |
|
|
|a vii, 492 pages :
|b illustrations, diagrams ;
|c 26 cm.
|
| 336 |
|
|
|a text
|b txt
|2 rdacontent
|
| 337 |
|
|
|a unmediated
|b n
|2 rdamedia
|
| 338 |
|
|
|a volume
|b nc
|2 rdacarrier
|
| 500 |
|
|
|a Printed in Great Britain.
|
| 500 |
|
|
|a First edition published under title: The theory of emulsions and emulsification, London, 1923.
|
| 504 |
|
|
|a Bibliographical foot-notes.
|
| 650 |
|
0 |
|a Emulsions.
|
| 999 |
|
|
|a MARS
|
| 999 |
f |
f |
|s 2d734677-32e4-36b6-a73a-a1331e3a3c08
|i 87f83695-7ffc-3837-aad7-79b670a7bfdb
|t 0
|
| 952 |
f |
f |
|p normal
|a Texas A&M University
|b College Station
|c Sterling C. Evans Library
|s Evans stk
|d Evans: Library Stacks
|t 0
|e QC183 .C65 1943
|h Library of Congress classification
|i unmediated -- volume
|m A14800936282
|
| 998 |
f |
f |
|a QC183 .C65 1943
|t 0
|l Evans: Library Stacks
|